000 00276nam a22001217a 4500
008 171012b xxu||||| |||| 00| 0 eng d
041 _aeng
080 _27TH
_a159.9
100 _a50
101 _aSOC
245 _aPSYCHOLOGY APPLIED TO WORK
_cMUCHINSKY,P,M
942 _2udc
_cBK
999 _c33543
_d33543